| 000 | 010060000a22003010004500 | ||
|---|---|---|---|
| 001 | 20519 | ||
| 003 | CO-MdFUSB | ||
| 005 | 20180622170414.0 | ||
| 008 | 160901t2007 xxu||||f |||| 00| 0 eng d | ||
| 020 | _a978-0-8006-6231-8 | ||
| 040 |
_aCO-MdFUSB _bEspañol _cCO-MdFUSB _dCO-MdFUSB |
||
| 041 | _aeng | ||
| 082 |
_224 _a270 _bSC411c |
||
| 100 | 1 |
_aSchwarz, Hans _dautor |
|
| 245 | 1 | 4 |
_aThe Christian church _b : Biblical origin, historical transformation, and potential for the future _c/ Hans Schwarz |
| 264 |
_aMinneapolis, Minnesota : _bFortress Press, _c2007 |
||
| 300 | _a383 páginas | ||
| 336 |
_2rdacontent _a1 _ba1 |
||
| 337 |
_2rdamedia _a2 _b5 |
||
| 338 |
_2rdacarrier _a2 _b5 |
||
| 500 | _aIncluye bibliografía e índices | ||
| 501 | _aRústico | ||
| 505 | 0 | 0 | _aLa era formativa: el origen y la estructura de la iglesia - La gran transformación - La promesa del futuro |
| 653 | _aChurch history | ||
| 653 | _aHistoria de la Iglesia | ||
| 942 | _cBK | ||
| 999 |
_c46870 _d46870 |
||